| 000 | 01189cam a22002651i 4500 | ||
|---|---|---|---|
| 003 | SA-RiAUC | ||
| 005 | 20250203074748.0 | ||
| 008 | 250122s2003 su g 00010 ara c | ||
| 040 |
_aKAPL _bara _cSA-RiAUC _erda |
||
| 082 | 0 | 4 |
_a332.765 _qSA-RiAUC |
| 090 |
_a332.765 _bع ص ي |
||
| 100 | 1 |
_aالعصيمي، محمد بن سعود _eمؤلف. |
|
| 245 | 1 | 2 |
_aالبطاقات اللدائنية : _bتاريخها، وأنواعها، وتعاريفها، وتوصيفها، ومزاياها، وعيوبها / _cتأليف محمد بن سعود بن محمد العصيمي. |
| 250 | _aالطبعة الأولى. | ||
| 264 | 1 |
_aالرياض : _bدار ابن الجوزي للتوزيع والنشر، _c2003 |
|
| 300 |
_a256 صفحة ؛ _c24 سم. |
||
| 336 |
_aنص _btxt _2rdacontent _3كتاب |
||
| 337 |
_aبدون وسيط _bn _2rdamedia |
||
| 338 |
_aمجلد _bnc _2rdacarrier |
||
| 490 | 0 |
_aرسائل جامعية ؛ _v33 |
|
| 500 | _aشركة الراجحي المصرفية للاستثمار، إصدارات المجموعة الشرعية. | ||
| 650 | 7 |
_aبطاقات الائتمان _2aucsh |
|
| 942 |
_2ddc _cBOOK _n0 |
||
| 949 |
_aSA-JeALM _d250122 _umohamedma123 _n1 |
||
| 999 |
_c5530 _d5530 |
||